|
|
|
|
| LEADER |
00000nam0a2200000 4500 |
| 001 |
113170 |
| 005 |
20250225063227.0 |
| 035 |
|
|
|a (RuTPU)RU\TPU\book\122404
|
| 090 |
|
|
|a 113170
|
| 100 |
|
|
|a 20070406d1965 k y0rusy50 ca
|
| 101 |
0 |
|
|a rus
|
| 102 |
|
|
|a RU
|
| 105 |
|
|
|a y dm 001zy
|
| 200 |
1 |
|
|a Геология и структура Советского золоторудного поля и некоторые закономерности размещения оруденения
|e автореферат диссертации на соискание ученой степени кандидата геолого-минералогических наук
|f В. А. Богданович
|g Томский государственный университет ; науч. рук. Д. А. Васильев
|
| 210 |
|
|
|a Томск
|d 1965
|c Изд-во ТГУ
|
| 215 |
|
|
|a 19 с.
|
| 320 |
|
|
|a Библиогр.: с. 19.
|
| 610 |
1 |
|
|a геология
|
| 610 |
1 |
|
|a оруденение
|
| 610 |
1 |
|
|a золотоносные провинции
|
| 610 |
1 |
|
|a Енисейский кряж
|
| 610 |
1 |
|
|a рудные поля
|
| 610 |
1 |
|
|a стратиграфия
|
| 610 |
1 |
|
|a структура
|
| 610 |
1 |
|
|a месторождения
|
| 675 |
|
|
|a 553.41
|v 3
|
| 700 |
|
1 |
|a Богданович
|b В. А.
|
| 702 |
|
1 |
|a Васильев
|b Д. А.
|4 727
|
| 712 |
0 |
2 |
|a Томский государственный университет
|c 1917-2009
|7 ca
|8 rus
|2 stltpush
|3 (RuTPU)RU\TPU\col\397
|9 23396
|
| 801 |
|
1 |
|a RU
|b 63413507
|c 20070406
|g PSBO
|
| 801 |
|
2 |
|a RU
|b 63413507
|c 20071205
|g PSBO
|
| 942 |
|
|
|c BK
|